| 000 | 00603nam a2200217 a 4500 | ||
|---|---|---|---|
| 005 | 20210223123948.0 | ||
| 008 | 991125n 000 0 spa u | ||
| 035 | _aUPN01000087597 | ||
| 100 |
_aPEREZ PEREZ, Cruz _941554 |
||
| 222 | _aREVISTA DE EDUCACION | ||
| 245 | _aLa mejora del comportamiento de los alumnos a través del aprendizaje de normas | ||
| 260 | _aEspaña | ||
| 300 | _a361-378 | ||
| 362 | _a1996 No. 310, may.-ago | ||
| 653 | 0 | _aAPRENDIZAJE | |
| 653 | 0 | _aCOMPORTAMIENTO | |
| 653 | 0 | _aINVESTIGACION EDUCATIVA | |
| 653 | 0 | _aNORMAS | |
| 904 |
_aAC _b025408 |
||
| 905 | _aArticulo | ||
| 999 |
_c72643 _d72643 |
||